Statistics for Countries Spain Invaded, Occupied or Fought.

Click here to take the quiz!

General Stats

  • This quiz has been taken 413 times
  • The average score is 31 of 42

Answer Stats

Answer% Correct
France
97%
Argentina
96%
Mexico
96%
United States
96%
Portugal
95%
Chile
94%
Colombia
93%
Italy
93%
United Kingdom
93%
Cuba
92%
Panama
92%
Peru
92%
Venezuela
92%
Honduras
90%
Morocco
90%
Uruguay
90%
Paraguay
89%
Costa Rica
88%
El Salvador
88%
Nicaragua
88%
Bolivia
87%
Ecuador
87%
Guatemala
86%
Germany
83%
Dominican Republic
81%
Philippines
79%
Netherlands
77%
Algeria
74%
Belize
74%
Russia
66%
Equatorial Guinea
59%
China
57%
Trinidad and Tobago
51%
Bahamas
49%
Libya
37%
Afghanistan
33%
Iraq
31%
Sweden
29%
Vietnam
28%
Micronesia
19%
Palau
19%
Bosnia and Herzegovina
12%

Score Distribution

Percentile by Number Answered

Percent of People with Each Score

Your Score History

You have not taken this quiz